Skúšanie pomocou akustickej emisie [CD-ROM]

Gespeichert in:
Bibliographische Detailangaben
1. Verfasser: Aldosari, Shafi T.A.R.A., 1978- (Verfasst von)
Weitere Verfasser: Iždinská, Zita, 1958- (xxx)
Format: Manuskript Buch
Sprache:Slowakisch
Veröffentlicht: Bratislava : STU v Bratislave SjF, 2009
Schlagworte:
Tags: Tag hinzufügen
Keine Tags, Fügen Sie das erste Tag hinzu!

MARC

LEADER 00000ntm a22000003a 4500
001 stu217370
005 20150617230014.0
008 101125s2009----xo------------------slo-d
040 |a STU  |b slo 
041 0 |a slo 
044 |a xo 
100 1 |a Aldosari, Shafi T.A.R.A.,  |d 1978-  |4 aut  |u J  |T SjF Strojnícka fakulta  |X 47496  |U J  |Y 20  |7 A000047496 
242 0 0 |a Acoustic Emission Testing  |y eng 
245 1 |a Skúšanie pomocou akustickej emisie [CD-ROM] 
260 |a Bratislava :  |b STU v Bratislave SjF,  |c 2009 
300 |a 41 s 
650 7 |a snímače  |2 stusub 
650 7 |a zdroj AE  |2 stusub 
700 1 |a Iždinská, Zita,  |d 1958-  |4 xxx  |u J280  |U SjF Ústav technológií a materiálov  |T SjF Katedra materiálov a technológií  |X 2367  |U J280  |Y 52  |7 A000002367 
996 |b 284J038017  |c J*584/BP  |l JJSK  |s A  |a 24  |w stu217370_0001